[Event "ODJM B 2017"]
[Site "Willingen GER"]
[Date "2017.06.10"]
[Round "9"]
[White "Wirth, Tobias"]
[Black "Reyher, Susan"]
[Result "0-1"]
[Termination "normal"]
[Board "3"]
[WhiteElo "1383"]
[BlackElo "1715"]
[WhiteClock "00:16:21"]
[BlackClock "00:48:50"]
[PlyCount "178"]
[WhiteFideId "16230213"]
[BlackFideId "24686107"]
[EventCountry "GER"]
[EventRounds "9"]
[EventType "swiss"]
[EventDate "2017.06.03"]

1. d4 {[%clk 1:30:56]} 1... d5 {[%clk 1:30:42]} 2. c4 {[%clk 1:31:15]} 2...
dxc4 {[%clk 1:30:57]} 3. Nf3 {[%clk 1:31:31]} 3... Nf6 {[%clk 1:31:00]} 4. e3 {
[%clk 1:31:50]} 4... e6 {[%clk 1:31:15]} 5. Bxc4 {[%clk 1:31:52]} 5... a6 6.
Be2 6... b5 {[%clk 1:27:53]} 7. Nbd2 {[%clk 1:28:15]} 7... c5 {[%clk 1:26:45]}
8. dxc5 {[%clk 1:24:44]} 8... Bxc5 {[%clk 1:26:18]} 9. O-O {[%clk 1:23:42]}
9... Nc6 {[%clk 1:24:05]} 10. Nb3 {[%clk 1:22:30]} 10... Bd6 {[%clk 1:22:55]}
11. Nfd4 {[%clk 1:19:16]} 11... Bb7 {[%clk 1:18:45]} 12. Bf3 {[%clk 1:13:06]}
12... Qc7 {[%clk 1:17:35]} 13. Bxc6+ {[%clk 1:01:12]} 13... Bxc6 { [%clk
1:15:45]} 14. Nxc6 {[%clk 1:01:02]} 14... Qxc6 {[%clk 1:16:08]} 15. Nd4 { [%clk
1:00:53]} 15... Qc7 {[%clk 1:16:20]} 16. Nf3 {[%clk 1:00:40]} 16... Rd8 { [%clk
1:16:20]} 17. Qe2 {[%clk 0:59:20]} 17... O-O {[%clk 1:13:42]} 18. b3 { [%clk
0:56:56]} 18... Ng4 {[%clk 1:07:21]} 19. h3 {[%clk 0:55:44]} 19... Ne5 { [%clk
1:07:37]} 20. Rd1 {[%clk 0:48:37]} 20... Nxf3+ {[%clk 1:04:37]} 21. Qxf3 {[%clk
0:48:35]} 21... Be5 {[%clk 1:04:04]} 22. Ba3 {[%clk 0:41:19]} 22... Rfe8 {[%clk
1:00:57]} 23. Rac1 {[%clk 0:38:12]} 23... Qa5 {[%clk 0:59:14]} 24. Rxd8 {[%clk
0:34:59]} 24... Rxd8 {[%clk 0:59:36]} 25. Be7 {[%clk 0:34:41]} 25... Qd2 {[%clk
0:58:44]} 26. Rf1 {[%clk 0:31:56]} 26... Rb8 {[%clk 0:56:18]} 27. Qe4 { [%clk
0:30:02]} 27... Qc3 {[%clk 0:53:11]} 28. Bb4 {[%clk 0:26:36]} 28... Qc7 { [%clk
0:53:03]} 29. Rd1 {[%clk 0:24:50]} 29... a5 {[%clk 0:53:00]} 30. Be1 { [%clk
0:19:51]} 30... Bf6 {[%clk 0:50:15]} 31. f4 {[%clk 0:17:57]} 31... Qc5 { [%clk
0:45:53]} 32. Bf2 {[%clk 0:17:26]} 32... Qa3 {[%clk 0:41:48]} 33. Qc2 { [%clk
0:16:42]} 33... a4 {[%clk 0:39:57]} 34. Qc7 {[%clk 0:15:51]} 34... Rf8 { [%clk
0:38:48]} 35. Qc2 {[%clk 0:14:54]} 35... axb3 {[%clk 0:34:52]} 36. Qxb3 { [%clk
0:14:59]} 36... Qa5 {[%clk 0:34:48]} 37. Rb1 {[%clk 0:14:32]} 37... Rb8 { [%clk
0:34:55]} 38. Be1 {[%clk 0:13:59]} 38... Qa7 {[%clk 0:34:50]} 39. Bf2 { [%clk
0:11:47]} 39... Qd7 {[%clk 0:34:52]} 40. Rd1 {[%clk 0:02:10]} 40... Qc6 { [%clk
0:35:01]} 41. Qd3 {[%clk 0:01:12]} 41... h6 {[%clk 0:33:37]} 42. Qb1 { [%clk
0:28:40]} 42... b4 {[%clk 1:03:02]} 43. Rd3 {[%clk 0:27:39]} 43... Bc3 { [%clk
1:00:49]} 44. Rd1 {[%clk 0:22:31]} 44... Qc4 {[%clk 0:59:11]} 45. Rc1 { [%clk
0:21:18]} 45... Ra8 {[%clk 0:56:47]} 46. Rc2 {[%clk 0:18:03]} 46... Qe4 { [%clk
0:56:11]} 47. Rc1 {[%clk 0:17:36]} 47... Qxb1 {[%clk 0:54:41]} 48. Rxb1 { [%clk
0:18:00]} 48... Rxa2 {[%clk 0:55:04]} 49. Be1 {[%clk 0:17:28]} 49... Bxe1
{[%clk 0:51:30]} 50. Rxe1 {[%clk 0:17:53]} 50... Ra8 {[%clk 0:51:11]} 51. Rb1 {
[%clk 0:17:58]} 51... Rb8 {[%clk 0:51:36]} 52. Kf2 {[%clk 0:18:21]} 52... Kf8 {
[%clk 0:51:37]} 53. Ke2 {[%clk 0:18:50]} 53... Ke7 {[%clk 0:51:55]} 54. Kd3 {
[%clk 0:18:45]} 54... Kd6 {[%clk 0:52:04]} 55. Kd4 {[%clk 0:15:48]} 55... f6 {
[%clk 0:50:41]} 56. e4 {[%clk 0:14:58]} 56... e5+ {[%clk 0:50:32]} 57. fxe5+ {
[%clk 0:15:22]} 57... fxe5+ {[%clk 0:50:57]} 58. Kc4 {[%clk 0:14:19]} 58...
Rc8+ {[%clk 0:51:21]} 59. Kb3 {[%clk 0:14:35]} 59... Rc3+ {[%clk 0:50:50]} 60.
Kxb4 {[%clk 0:14:43]} 60... Re3 {[%clk 0:51:13]} 61. Rd1+ {[%clk 0:14:31]}
61... Ke6 {[%clk 0:51:32]} 62. Kc5 {[%clk 0:14:18]} 62... Rxe4 {[%clk 0:51:43]}
63. Rd6+ {[%clk 0:14:28]} 63... Ke7 {[%clk 0:51:38]} 64. Rg6 {[%clk 0:14:11]}
64... Kf7 {[%clk 0:51:53]} 65. Kd5 {[%clk 0:14:04]} 65... Re3 {[%clk 0:51:22]}
66. Rg4 {[%clk 0:13:34]} 66... Kf6 {[%clk 0:51:30]} 67. Re4 {[%clk 0:13:30]}
67... Rd3+ {[%clk 0:51:28]} 68. Kc4 {[%clk 0:13:44]} 68... Rd2 {[%clk 0:51:29]}
69. g3 {[%clk 0:13:57]} 69... Kf5 {[%clk 0:51:16]} 70. Re3 {[%clk 0:14:04]}
70... e4 {[%clk 0:50:13]} 71. Kc3 {[%clk 0:14:13]} 71... Rd1 {[%clk 0:49:53]}
72. Kc2 {[%clk 0:14:26]} 72... Rh1 {[%clk 0:49:37]} 73. h4 {[%clk 0:14:32]}
73... g5 {[%clk 0:49:36]} 74. hxg5 {[%clk 0:14:35]} 74... hxg5 {[%clk 0:50:01]}
75. Kd2 {[%clk 0:14:51]} 75... Ra1 {[%clk 0:49:36]} 76. Ke2 {[%clk 0:14:50]}
76... Ra2+ {[%clk 0:49:46]} 77. Kf1 {[%clk 0:14:58]} 77... Ke5 {[%clk 0:50:03]}
78. Ke1 {[%clk 0:14:15]} 78... Kd4 {[%clk 0:50:14]} 79. Re2 {[%clk 0:14:17]}
79... Ra3 {[%clk 0:49:27]} 80. Kf2 {[%clk 0:14:22]} 80... g4 {[%clk 0:47:29]}
81. Rd2+ {[%clk 0:14:21]} 81... Rd3 {[%clk 0:47:43]} 82. Ra2 {[%clk 0:14:35]}
82... e3+ {[%clk 0:48:05]} 83. Ke2 {[%clk 0:14:42]} 83... Ke4 {[%clk 0:47:36]}
84. Ra4+ {[%clk 0:14:25]} 84... Rd4 {[%clk 0:47:54]} 85. Ra2 {[%clk 0:14:49]}
85... Rd2+ {[%clk 0:47:19]} 86. Rxd2 {[%clk 0:15:06]} 86... exd2 { [%clk
0:47:44]} 87. Kxd2 {[%clk 0:15:33]} 87... Kf3 {[%clk 0:48:06]} 88. Ke1 { [%clk
0:15:58]} 88... Kxg3 {[%clk 0:48:31]} 89. Kf1 {[%clk 0:16:21]} 89... Kh2 {[%clk
0:48:50]} 0-1

[Event "ODJM B 2017"]
[Site "Willingen GER"]
[Date "2017.06.10"]
[Round "9"]
[White "von der Weyden, Louis"]
[Black "Haase, Dominik"]
[Result "1-0"]
[Termination "normal"]
[Board "4"]
[WhiteElo "1366"]
[BlackElo "1468"]
[WhiteClock "00:24:49"]
[BlackClock "00:03:31"]
[PlyCount "71"]
[WhiteFideId "16207050"]
[BlackFideId "16208781"]
[EventCountry "GER"]
[EventRounds "9"]
[EventType "swiss"]
[EventDate "2017.06.03"]

1. c4 {[%clk 1:30:57]} 1... e6 {[%clk 1:30:48]} 2. e4 {[%clk 1:31:00]} 2... d5
{[%clk 1:30:46]} 3. cxd5 {[%clk 1:31:17]} 3... exd5 {[%clk 1:31:08]} 4. exd5 {
[%clk 1:31:33]} 4... Nf6 {[%clk 1:30:46]} 5. Bb5+ {[%clk 1:31:37]} 5... Bd7 {
[%clk 1:30:20]} 6. Bc4 {[%clk 1:30:56]} 6... Bd6 {[%clk 1:27:21]} 7. Nf3 {
[%clk 1:30:20]} 7... Qe7+ {[%clk 1:24:42]} 8. Be2 {[%clk 1:27:12]} 8... O-O {
[%clk 1:21:05]} 9. Qb3 {[%clk 1:15:46]} 9... Na6 {[%clk 1:15:31]} 10. d4 {
[%clk 1:11:39]} 10... Rfe8 {[%clk 1:09:39]} 11. Nc3 {[%clk 1:03:22]} 11... Bb4
{[%clk 1:07:11]} 12. Ne5 {[%clk 1:01:25]} 12... Rab8 {[%clk 0:37:00]} 13. O-O {
[%clk 0:59:38]} 13... c5 {[%clk 0:32:39]} 14. Nxd7 {[%clk 0:56:13]} 14... Nxd7
{[%clk 0:31:57]} 15. Bb5 {[%clk 0:55:00]} 15... cxd4 {[%clk 0:28:52]} 16. Ne2 {
[%clk 0:49:45]} 16... Ndc5 {[%clk 0:22:20]} 17. Qd1 {[%clk 0:46:57]} 17... d3 {
[%clk 0:20:27]} 18. Nf4 {[%clk 0:45:54]} 18... Red8 {[%clk 0:18:10]} 19. a3 {
[%clk 0:45:24]} 19... d2 {[%clk 0:18:18]} 20. axb4 {[%clk 0:44:42]} 20...
dxc1=Q 21. Rxc1 {[%clk 0:44:51]} 21... Nd7 {[%clk 0:15:05]} 22. d6 { [%clk
0:44:05]} 22... Qe5 {[%clk 0:14:42]} 23. Bxa6 {[%clk 0:34:16]} 23... bxa6
{[%clk 0:13:13]} 24. Qd2 {[%clk 0:34:15]} 24... Rb6 {[%clk 0:12:22]} 25. Rfd1 {
[%clk 0:34:01]} 25... g6 {[%clk 0:10:30]} 26. Rc7 {[%clk 0:33:27]} 26... Nf8 {
[%clk 0:10:37]} 27. Rc5 {[%clk 0:31:40]} 27... Qe8 {[%clk 0:07:07]} 28. Rd5 {
[%clk 0:31:00]} 28... Qc6 {[%clk 0:05:12]} 29. Nh5 {[%clk 0:27:01]} 29... Qc4 {
[%clk 0:03:34]} 30. Qh6 {[%clk 0:25:09]} 30... gxh5 {[%clk 0:04:02]} 31. Qg5+ {
[%clk 0:25:19]} 31... Ng6 {[%clk 0:04:06]} 32. Qxd8+ {[%clk 0:25:41]} 32... Kg7
{[%clk 0:04:30]} 33. d7 {[%clk 0:25:17]} 33... Rxb4 {[%clk 0:03:00]} 34. Qc8 {
[%clk 0:24:41]} 34... Qxc8 {[%clk 0:03:09]} 35. dxc8=Q 35... Ne7 { [%clk
0:03:31]} 36. Qc3+ {[%clk 0:24:49]} 1-0

[Event "ODJM B 2017"]
[Site "Willingen GER"]
[Date "2017.06.10"]
[Round "9"]
[White "Cheredzhiyska, Iva"]
[Black "Ebeling, Gereon"]
[Result "0-1"]
[Termination "normal"]
[Board "5"]
[WhiteElo "1091"]
[BlackElo "1358"]
[WhiteClock "00:29:23"]
[BlackClock "00:20:04"]
[PlyCount "138"]
[WhiteFideId "16241622"]
[BlackFideId "16223160"]
[EventCountry "GER"]
[EventRounds "9"]
[EventType "swiss"]
[EventDate "2017.06.03"]

1. e4 {[%clk 1:30:59]} 1... e5 {[%clk 1:30:34]} 2. Nf3 {[%clk 1:31:20]} 2...
Nc6 {[%clk 1:30:59]} 3. d4 {[%clk 1:31:44]} 3... exd4 {[%clk 1:31:24]} 4. Nxd4
{[%clk 1:32:04]} 4... Bc5 {[%clk 1:31:52]} 5. Nb3 {[%clk 1:32:26]} 5... Bb6 {
[%clk 1:31:44]} 6. Nc3 {[%clk 1:32:39]} 6... Qf6 {[%clk 1:30:52]} 7. Qe2 {
[%clk 1:31:30]} 7... Nge7 {[%clk 1:27:33]} 8. Be3 {[%clk 1:28:32]} 8... Nd4 {
[%clk 1:04:40]} 9. Nxd4 {[%clk 1:28:29]} 9... Bxd4 {[%clk 1:04:58]} 10. Bxd4 {
[%clk 1:28:28]} 10... Qxd4 {[%clk 1:05:21]} 11. Qd3 {[%clk 1:28:33]} 11... Qxd3
{[%clk 1:05:07]} 12. Bxd3 {[%clk 1:28:56]} 12... c6 {[%clk 1:05:08]} 13. O-O-O
{[%clk 1:27:42]} 13... Ng6 {[%clk 1:04:04]} 14. Rhe1 {[%clk 1:21:14]} 14... O-O
{[%clk 1:02:57]} 15. g3 {[%clk 1:20:33]} 15... Re8 {[%clk 0:58:27]} 16. f4 {
[%clk 1:20:02]} 16... Rd8 {[%clk 0:53:49]} 17. Be2 {[%clk 1:16:58]} 17... Kf8 {
[%clk 0:52:44]} 18. Rf1 {[%clk 1:14:34]} 18... Ke7 {[%clk 0:46:23]} 19. Rf2 {
[%clk 1:03:15]} 19... d6 {[%clk 0:42:05]} 20. f5 {[%clk 1:03:09]} 20... Ne5 {
[%clk 0:40:50]} 21. Rdf1 {[%clk 1:00:43]} 21... f6 {[%clk 0:40:54]} 22. Rd1 {
[%clk 0:59:04]} 22... Bd7 {[%clk 0:40:28]} 23. h4 {[%clk 0:52:51]} 23... Rh8 {
[%clk 0:34:12]} 24. Rff1 {[%clk 0:50:09]} 24... Be8 {[%clk 0:26:25]} 25. Rd4 {
[%clk 0:47:45]} 25... Rd8 {[%clk 0:26:02]} 26. Nd1 {[%clk 0:44:22]} 26... h5 {
[%clk 0:21:05]} 27. Ne3 {[%clk 0:43:14]} 27... Bf7 {[%clk 0:18:52]} 28. Rfd1 {
[%clk 0:39:24]} 28... Rd7 {[%clk 0:16:25]} 29. Ra4 {[%clk 0:37:08]} 29... a6 {
[%clk 0:15:50]} 30. Rad4 {[%clk 0:31:10]} 30... Rhd8 {[%clk 0:15:40]} 31. Nc4 {
[%clk 0:29:33]} 31... Nxc4 {[%clk 0:14:00]} 32. Bxc4 {[%clk 0:29:31]} 32... c5
{[%clk 0:13:43]} 33. Bxf7 {[%clk 0:25:18]} 33... cxd4 {[%clk 0:14:08]} 34. Be6
{[%clk 0:24:11]} 34... Rc7 {[%clk 0:14:32]} 35. Rxd4 {[%clk 0:24:25]} 35... Rc5
{[%clk 0:13:40]} 36. Rd1 {[%clk 0:22:43]} 36... Re5 {[%clk 0:13:38]} 37. Bd5
37... Rb8 {[%clk 0:12:42]} 38. Rd4 {[%clk 0:20:35]} 38... Kd7 {[%clk 0:10:35]}
39. Be6+ {[%clk 0:18:36]} 39... Kc7 {[%clk 0:09:56]} 40. Bd5 {[%clk 0:18:22]}
40... Kd8 {[%clk 0:07:59]} 41. Be6 {[%clk 0:17:30]} 41... Kc7 {[%clk 0:05:26]}
42. Bd5 {[%clk 0:17:27]} 42... b5 {[%clk 0:05:06]} 43. b4 {[%clk 0:16:55]}
43... Kb6 {[%clk 0:04:47]} 44. c3 {[%clk 0:16:09]} 44... Rc8 {[%clk 0:03:23]}
45. Kd2 {[%clk 0:16:09]} 45... Re7 {[%clk 0:30:10]} 46. Be6 {[%clk 0:46:16]}
46... Rd8 {[%clk 0:28:44]} 47. Bd5 {[%clk 0:44:01]} 47... Ra7 {[%clk 0:28:33]}
48. Be6 {[%clk 0:42:29]} 48... a5 {[%clk 0:28:30]} 49. a3 {[%clk 0:41:56]}
49... axb4 {[%clk 0:28:45]} 50. axb4 {[%clk 0:42:10]} 50... Ra1 {[%clk 0:28:30]
} 51. Rd3 {[%clk 0:42:08]} 51... Kc7 {[%clk 0:25:00]} 52. Bd5 {[%clk 0:41:11]}
52... Kd7 {[%clk 0:24:49]} 53. Ke3 {[%clk 0:40:32]} 53... Ke7 {[%clk 0:23:36]}
54. Bc6 {[%clk 0:38:38]} 54... Rb8 {[%clk 0:23:37]} 55. Rd5 {[%clk 0:36:35]}
55... Rc8 {[%clk 0:23:35]} 56. Bxb5 {[%clk 0:36:15]} 56... Rxc3+ { [%clk
0:23:52]} 57. Bd3 {[%clk 0:36:22]} 57... Raa3 {[%clk 0:22:14]} 58. Kd2 { [%clk
0:35:49]} 58... Rcb3 {[%clk 0:21:58]} 59. b5 {[%clk 0:35:39]} 59... Kd7 { [%clk
0:21:04]} 60. Kc2 {[%clk 0:34:11]} 60... Rc3+ {[%clk 0:21:12]} 61. Kd2 { [%clk
0:34:04]} 61... Rc5 {[%clk 0:20:23]} 62. Rd4 {[%clk 0:33:49]} 62... Ra2+ {[%clk
0:19:57]} 63. Ke3 {[%clk 0:33:12]} 63... Rc3 {[%clk 0:19:44]} 64. Rb4 { [%clk
0:31:11]} 64... Raa3 {[%clk 0:19:35]} 65. Rd4 {[%clk 0:31:27]} 65... Rcb3
{[%clk 0:19:38]} 66. Kd2 {[%clk 0:30:55]} 66... Rb2+ {[%clk 0:19:54]} 67. Kc1 {
[%clk 0:30:41]} 67... Rg2 {[%clk 0:19:39]} 68. Rb4 {[%clk 0:29:40]} 68... Rxd3
{[%clk 0:19:49]} 69. b6 {[%clk 0:29:23]} 69... Rf3 {[%clk 0:20:04]} 0-1

[Event "ODJM B 2017"]
[Site "Willingen GER"]
[Date "2017.06.10"]
[Round "9"]
[White "Grone, Lion"]
[Black "Schulter, Moritz"]
[Result "1-0"]
[Termination "normal"]
[Board "6"]
[WhiteElo "1545"]
[BlackElo "1324"]
[WhiteClock "00:46:51"]
[BlackClock "00:07:41"]
[PlyCount "59"]
[WhiteFideId "16245032"]
[BlackFideId "16245067"]
[EventCountry "GER"]
[EventRounds "9"]
[EventType "swiss"]
[EventDate "2017.06.03"]

1. e4 {[%clk 1:30:58]} 1... c5 {[%clk 1:30:55]} 2. Nf3 {[%clk 1:31:23]} 2... d6
{[%clk 1:31:20]} 3. Bb5+ {[%clk 1:31:45]} 3... Nd7 {[%clk 1:31:24]} 4. O-O {
[%clk 1:31:51]} 4... a6 {[%clk 1:31:43]} 5. Bxd7+ {[%clk 1:32:09]} 5... Bxd7 {
[%clk 1:32:06]} 6. c3 {[%clk 1:32:23]} 6... Nf6 {[%clk 1:28:38]} 7. Re1 { [%clk
1:32:25]} 7... e6 {[%clk 1:27:51]} 8. d4 {[%clk 1:32:36]} 8... Be7 { [%clk
1:24:00]} 9. Bg5 {[%clk 1:28:35]} 9... O-O {[%clk 1:10:50]} 10. dxc5 { [%clk
1:24:43]} 10... dxc5 {[%clk 1:08:20]} 11. Ne5 {[%clk 1:15:18]} 11... Be8 {[%clk
0:59:00]} 12. Nd2 {[%clk 1:12:50]} 12... h6 {[%clk 0:56:39]} 13. Bh4 { [%clk
1:10:27]} 13... g5 {[%clk 0:53:41]} 14. Bg3 {[%clk 1:10:05]} 14... Nh7 { [%clk
0:45:53]} 15. h3 {[%clk 1:02:57]} 15... f6 {[%clk 0:42:13]} 16. Nef3 { [%clk
1:01:00]} 16... Bg6 {[%clk 0:34:38]} 17. Qb3 {[%clk 1:00:01]} 17... Qc8 { [%clk
0:31:01]} 18. Nc4 {[%clk 0:54:57]} 18... Qc6 {[%clk 0:28:30]} 19. Na5 { [%clk
0:52:19]} 19... Qd7 {[%clk 0:18:25]} 20. Rad1 {[%clk 0:51:57]} 20... Qc8 {[%clk
0:18:11]} 21. Qxb7 {[%clk 0:49:45]} 21... Qxb7 {[%clk 0:17:51]} 22. Nxb7 {[%clk
0:50:11]} 22... Rf7 {[%clk 0:15:33]} 23. Nd6 {[%clk 0:47:57]} 23... Bxd6 {[%clk
0:14:42]} 24. Rxd6 {[%clk 0:48:02]} 24... e5 {[%clk 0:13:41]} 25. Nxe5 { [%clk
0:46:21]} 25... fxe5 {[%clk 0:12:44]} 26. Rxg6+ {[%clk 0:46:11]} 26... Kf8
{[%clk 0:09:38]} 27. Bxe5 {[%clk 0:46:29]} 27... h5 {[%clk 0:07:43]} 28. Bd6+
{[%clk 0:46:42]} 28... Ke8 {[%clk 0:07:41]} 29. Rg8+ {[%clk 0:46:47]} 29... Nf8
{[%clk 0:07:41]} 30. Bxc5 {[%clk 0:46:51]} 1-0

[Event "ODJM B 2017"]
[Site "Willingen GER"]
[Date "2017.06.10"]
[Round "9"]
[White "Neppert, Paul"]
[Black "Fricke, Janek Konrad"]
[Result "1/2-1/2"]
[Termination "normal"]
[Board "7"]
[WhiteElo "1598"]
[BlackElo "1449"]
[PlyCount "81"]
[WhiteFideId "16219414"]
[BlackFideId "12997471"]
[EventCountry "GER"]
[EventRounds "9"]
[EventType "swiss"]
[EventDate "2017.06.03"]

1. e4 c5 2. Nc3 Nc6 3. g3 g6 4. Bg2 Bg7 5. d3 d6 6. Be3 e5 7. Qd2 Nge7 8. Nge2
Be6 9. Bh6 O-O 10. h4 Bxh6 11. Qxh6 f6 12. O-O-O Nd4 13. Kb1 Nec6 14. Nc1 a5
15. f4 f5 16. h5 Qf6 17. hxg6 Qxg6 18. Qh2 Rab8 19. g4 fxg4 20. f5 Bxf5 21.
exf5 Nxf5 22. Bd5+ Kg7 23. Rdg1 Rh8 24. N1e2 h5 25. Ng3 Nxg3 26. Qxg3 Nd4 27.
Qh4 Nf5 28. Qf2 g3 29. Qf3 h4 30. Be4 Rbf8 31. Bxf5 Rxf5 32. Qxb7+ Rf7 33. Qe4
Qg5 34. Qd5 Rh6 35. Qg2 Qg4 36. Ne4 Rf3 37. Nf2 Qf4 38. Nh3 Qg4 39. Qd2 Rg6 40.
Rg2 Rff6 41. Rhg1 1/2-1/2

[Event "ODJM B 2017"]
[Site "Willingen GER"]
[Date "2017.06.10"]
[Round "9"]
[White "Frank, Carolin"]
[Black "Bayer, Oliver"]
[Result "1-0"]
[Termination "normal"]
[Board "8"]
[WhiteElo "1487"]
[BlackElo "1284"]
[PlyCount "99"]
[WhiteFideId "16207190"]
[BlackFideId "16243978"]
[EventCountry "GER"]
[EventRounds "9"]
[EventType "swiss"]
[EventDate "2017.06.03"]

1. Nf3 d5 2. g3 Nc6 3. d4 Nf6 4. Bg2 Bf5 5. O-O Qd7 6. Bg5 Bh3 7. Ne5 Nxe5 8.
dxe5 Ne4 9. Bf4 h5 10. e6 Qxe6 11. Bxh3 Qxh3 12. Qxd5 Nd6 13. Bxd6 exd6 14.
Qxb7 Rd8 15. Qxa7 h4 16. Qa4+ Rd7 17. Qa8+ Rd8 18. Qg2 hxg3 19. hxg3 Qh7 20.
Rc1 g6 21. c3 Bh6 22. Qe4+ Kf8 23. Rc2 Bg5 24. Qg2 Qh6 25. f4 Bf6 26. Nd2 Rh7
27. Nf3 Kg7 28. Qh2 Rdh8 29. Qxh6+ Rxh6 30. Kf2 Ra8 31. a4 Ra6 32. Ra2 Rh8 33.
b4 Rha8 34. a5 Bd8 35. Ra4 R8a7 36. Nd4 Kf8 37. e4 Ke8 38. Rca2 Kd7 39. b5 c5
40. bxa6 cxd4 41. cxd4 Rxa6 42. Kf3 Kc6 43. e5 d5 44. g4 Kb5 45. f5 gxf5 46.
gxf5 Rxa5 47. Rxa5+ Bxa5 48. e6 fxe6 49. Rxa5+ Kxa5 50. f6 1-0

[Event "ODJM B 2017"]
[Site "Willingen GER"]
[Date "2017.06.10"]
[Round "9"]
[White "Schulze, Lukas"]
[Black "Lorenz, Anouk"]
[Result "1-0"]
[Termination "normal"]
[Board "9"]
[WhiteElo "1408"]
[BlackElo "1210"]
[PlyCount "119"]
[WhiteFideId "12956856"]
[BlackFideId "12990256"]
[EventCountry "GER"]
[EventRounds "9"]
[EventType "swiss"]
[EventDate "2017.06.03"]

1. Nf3 f5 2. c4 Nf6 3. g3 g6 4. b3 Bg7 5. Bb2 O-O 6. Bg2 d6 7. d4 a5 8. O-O Na6
9. Nc3 Qe8 10. d5 Nc5 11. Nb5 Qd8 12. a3 c6 13. dxc6 bxc6 14. Nbd4 Qe8 15. b4
Nce4 16. Nd2 e5 17. Nxe4 Nxe4 18. Nb3 axb4 19. axb4 Rxa1 20. Qxa1 Be6 21. Qa6
Bd7 22. Rd1 Rf6 23. Qb7 Bc8 24. Qb8 Qd7 25. c5 Qb7 26. Qxb7 Bxb7 27. Bxe4 fxe4
28. cxd6 Rf8 29. Nc5 Ba8 30. d7 Bf6 31. Ne6 Rb8 32. Bxe5 Bxe5 33. d8=Q+ Rxd8
34. Rxd8+ Kf7 35. Ng5+ Kf6 36. Nxe4+ Kf5 37. Nc5 Bc3 38. Rxa8 Bxb4 39. Nd3 Bd6
40. Ra6 Be7 41. Rxc6 Kg5 42. Rc7 Bd6 43. Rxh7 Kf6 44. Rd7 Be7 45. Nf4 Bc5 46.
Rc7 Be7 47. Nxg6 Kxg6 48. Rxe7 Kf6 49. Re3 Kf5 50. h4 Kg4 51. Rf3 Kh5 52. Rf4
Kg6 53. e4 Kh6 54. Rg4 Kh5 55. Rg5+ Kh6 56. e5 Kh7 57. e6 Kh8 58. e7 Kh7 59.
e8=R Kh6 60. Rh8# 1-0

[Event "ODJM B 2017"]
[Site "Willingen GER"]
[Date "2017.06.10"]
[Round "9"]
[White "Schilay, Maria"]
[Black "Schönweiler, Elisabeth"]
[Result "1-0"]
[Termination "normal"]
[Board "10"]
[WhiteElo "1322"]
[BlackElo "1341"]
[PlyCount "91"]
[WhiteFideId "12942979"]
[BlackFideId "12997005"]
[EventCountry "GER"]
[EventRounds "9"]
[EventType "swiss"]
[EventDate "2017.06.03"]

1. e4 e5 2. Nf3 Nc6 3. Nc3 Nf6 4. a3 d6 5. h3 Bd7 6. d4 exd4 7. Nxd4 a6 8. Nxc6
Bxc6 9. Bd3 Be7 10. O-O O-O 11. f4 Re8 12. Bd2 Bf8 13. Qf3 b5 14. Rae1 Qd7 15.
Nd5 Bxd5 16. exd5 Rxe1 17. Rxe1 Re8 18. Rxe8 Qxe8 19. Bc3 Be7 20. g4 Qa8 21.
Be4 Nxe4 22. Qxe4 Qd8 23. Kg2 h6 24. Qf5 Bf8 25. g5 hxg5 26. fxg5 Qe8 27. Kf2
Be7 28. h4 Qd8 29. Kf3 Qe8 30. h5 Bf8 31. g6 fxg6 32. hxg6 Be7 33. Qh5 Bf6 34.
Qh7+ Kf8 35. Qh8+ Ke7 36. Qxe8+ Kxe8 37. Bxf6 gxf6 38. Kf4 Kf8 39. b4 Kg8 40.
Kf5 Kg7 41. c3 Kg8 42. Kxf6 Kf8 43. g7+ Kg8 44. Kg6 a5 45. bxa5 b4 46. a6 1-0

[Event "ODJM B 2017"]
[Site "Willingen GER"]
[Date "2017.06.10"]
[Round "9"]
[White "Abicht, Aruna Sophia"]
[Black "Borgmann, Simon"]
[Result "1/2-1/2"]
[Termination "normal"]
[Board "11"]
[WhiteElo "1281"]
[BlackElo "1647"]
[PlyCount "42"]
[BlackFideId "16234677"]
[EventCountry "GER"]
[EventRounds "9"]
[EventType "swiss"]
[EventDate "2017.06.03"]

1. e4 e5 2. Nf3 Nc6 3. Bc4 Bc5 4. c3 Nf6 5. d3 d6 6. Bb3 h6 7. Nbd2 O-O 8. O-O
Bg4 9. Re1 Re8 10. Nf1 Bb6 11. Ng3 Be6 12. Bc2 Ne7 13. a4 a6 14. Be3 Ba7 15.
Nh4 Qd7 16. Qd2 Bxe3 17. Qxe3 Rf8 18. f4 exf4 19. Qxf4 Nh7 20. Nh5 Ng6 21. Qg3
Bg4 1/2-1/2

[Event "ODJM B 2017"]
[Site "Willingen GER"]
[Date "2017.06.10"]
[Round "9"]
[White "Reuker, Ronja"]
[Black "Jung, Melanie"]
[Result "1/2-1/2"]
[Termination "normal"]
[Board "12"]
[WhiteElo "1331"]
[BlackElo "1359"]
[PlyCount "92"]
[WhiteFideId "12947172"]
[BlackFideId "16222911"]
[EventCountry "GER"]
[EventRounds "9"]
[EventType "swiss"]
[EventDate "2017.06.03"]

1. e4 e5 2. Nf3 Nc6 3. Bb5 a6 4. Ba4 Nf6 5. O-O Be7 6. Re1 b5 7. Bb3 d6 8. c3
Nb8 9. h3 O-O 10. d4 Nbd7 11. Nbd2 Bb7 12. Bc2 Re8 13. Nf1 Bf8 14. Ng3 g6 15.
Bg5 Bg7 16. Qd2 c5 17. d5 Rc8 18. b3 c4 19. b4 a5 20. a3 Qb6 21. Bh6 axb4 22.
axb4 Ra8 23. Qg5 Rxa1 24. Rxa1 Ra8 25. Rxa8+ Bxa8 26. Bxg7 Kxg7 27. Nf5+ Kf8
28. Qh6+ Ke8 29. Ng3 Qa6 30. Qe3 Qa1+ 31. Kh2 Bxd5 32. exd5 Nxd5 33. Qh6 Qxc3
34. Be4 N5f6 35. Ng5 Qxb4 36. Nxh7 Nxh7 37. Qxh7 Nf6 38. Qh8+ Ke7 39. Qc8 d5
40. Qb7+ Ke6 41. Qc6+ Qd6 42. Bxd5+ Nxd5 43. Qe8+ Qe7 44. Qc6+ Qd6 45. Qe8+ Qe7
46. Qc6+ Qd6 1/2-1/2

[Event "ODJM B 2017"]
[Site "Willingen GER"]
[Date "2017.06.10"]
[Round "9"]
[White "Youness, Fatima"]
[Black "Götz, Timon"]
[Result "1-0"]
[Termination "normal"]
[Board "13"]
[WhiteElo "1493"]
[BlackElo "1385"]
[PlyCount "121"]
[WhiteFideId "16214404"]
[BlackFideId "16245040"]
[EventCountry "GER"]
[EventRounds "9"]
[EventType "swiss"]
[EventDate "2017.06.03"]

1. e4 c5 2. Nf3 e6 3. Nc3 a6 4. g3 b5 5. d4 cxd4 6. Nxd4 Qc7 7. a3 Bb7 8. Bg2
Be7 9. O-O d6 10. Be3 Nd7 11. Qd2 Ngf6 12. Rae1 O-O 13. h3 Rac8 14. Re2 Rfd8
15. f4 Nb6 16. Qc1 Nc4 17. Rff2 Re8 18. f5 exf5 19. exf5 Nxe3 20. Qxe3 Bxg2 21.
Kxg2 Qb7+ 22. Qf3 d5 23. Nb3 Qd7 24. Re5 Qd6 25. Qe3 Rcd8 26. Qd4 Rd7 27. Rfe2
Kf8 28. Nc1 Qc5 29. Qxc5 Bxc5 30. Rxe8+ Nxe8 31. Re5 Bd4 32. Rxd5 Rxd5 33. Nxd5
Bxb2 34. Nb3 Bxa3 35. Kf3 Bd6 36. g4 Nf6 37. Nxf6 gxf6 38. Ke4 Ke7 39. Kd5 Bc7
40. Kc6 Bd8 41. Nc5 a5 42. Kxb5 Bc7 43. Nb7 Kf8 44. Nxa5 Kg7 45. Nc4 Bf4 46.
Kc6 h5 47. Nd6 Be5 48. Kd5 hxg4 49. hxg4 Kf8 50. g5 Ke7 51. Ne4 Bb2 52. Nxf6
Bxf6 53. gxf6+ Kxf6 54. Ke4 Ke7 55. c4 Kd6 56. c5+ Ke7 57. Kd5 Kd7 58. Ke5 Ke7
59. c6 Kd8 60. Kf6 Ke8 61. c7 1-0